Normal view
MARC view
- DE-ELECT-36 DECLASS
Entry Topical Term
001 - CONTROL NUMBER
- control field: 71258
003 - CONTROL NUMBER IDENTIFIER
- control field: NUST
005 - DATE AND TIME OF LATEST TRANSACTION
- control field: 20210628204620.0
008 - FIXED-LENGTH DATA ELEMENTS
- fixed length control field: 210628|| aca||aabn | a|a d
040 ## - CATALOGING SOURCE
- Original cataloging agency: NUST
- Transcribing agency: NUST
150 ## - HEADING--TOPICAL TERM
- Topical term or geographic name entry element: DE-ELECT-36 DECLASS
670 ## - SOURCE DATA FOUND
- Source citation: Work cat.: (NUST): NC Muhammad Adil GC Salman Azmat GC Shahram Afgun 71257, PR-SOF-1751-Modification in Firing Mechanism & Control Hardware of Target Engagement UGV , 2018
